| 000 | 005060000a22001690004500 | ||
|---|---|---|---|
| 090 |
_aAR _b00781 |
||
| 245 | 1 | 0 | _aComprension climática cuaternaria en los Andes efectos sobre la especiación |
| 650 | 1 | 4 |
_aPaleoclimatología _98372 |
| 650 | 1 | 4 |
_aCuaternario _993965 |
| 650 | 1 | 4 |
_aEspeciación _917207 |
| 650 | 1 | 4 |
_aBiogeografía _992747 |
| 651 | 4 |
_lCordillera de los Andes _992749 |
|
| 041 | 0 | _aEspañol | |
| 100 | 1 |
_aDuellman, William E. _992961 |
|
| 942 | _cARTICULO | ||
| 773 | 1 |
_tPreprint _33 _q177-201 _d1982 |
|
| 999 |
_c9872 _d9872 |
||